The High Court Civil Suit No. 548 of 1992 National Water and Sewerage Corp Vs Dokol Construction Company ltd . (Record no. 3967)

MARC details
000 -LEADER
fixed length control field 00338nam a22000977a 4500
008 - FIXED-LENGTH DATA ELEMENTS--GENERAL INFORMATION
fixed length control field 110624t xxu||||| |||| 00| 0 eng d
010 ## - LIBRARY OF CONGRESS CONTROL NUMBER
LC control number HCCS F91
245 ## - TITLE STATEMENT
Title The High Court Civil Suit No. 548 of 1992 National Water and Sewerage Corp Vs Dokol Construction Company ltd .
260 ## - PUBLICATION, DISTRIBUTION, ETC. (IMPRINT)
Date of publication, distribution, etc 1992
500 ## - GENERAL NOTE
General note Before: The hon.Mr. Justice L.J.O. Ongom

No items available.